000 00988nam a22002537a 4500
005 20170124102943.0
010 _aA-616291
020 _c40.00
035 _aA-616291
037 _bCen Lib/Ret
040 _aDPL
_bHN
082 _a822
_bत्रिपाठी
100 _aत्रिपथ, राधाबल्लभ
_96449
245 _aदमयंती /
_cराधाबल्लभ त्रिपाठी
246 _aDamyanti /
_bby Radhabalbhb Tripathi
260 _aइलाहाबाद
_bनाट्य परिषद
_c1991
270 _aC-24, गौर नगर सागर
_bइलाहाबाद
_e47003
300 _a83पृ.
_c19सेमी(सजिल्द)
650 _aहिंदी साहित्य
_949127
650 _aहिंदी कहानियां
_92082
650 _aHindi litarature
_949128
650 _aHindi stories
_949129
942 _2ddc
_cHN
_h822
_mत्रिपाठी
999 _c112774
_d112774